Z dobrého skvelé prečo niektoré spoločnosti urobia veľký skok vpred ... a iné nie

Guardado en:
Detalles Bibliográficos
Autor principal: Collins, Jim
Otros Autores: Almanová, Janka
Formato: Libro
Lenguaje:eslovaco
inglés
Publicado: Bratislava Eastone Books 2006
Materias:
Etiquetas: Agregar Etiqueta
Sin Etiquetas, Sea el primero en etiquetar este registro!

MARC

LEADER 00000nam$a2200000$$$4500
001 0051775
005 20240104113931.8
020 |a 80-89217-09-5 
041 0 |a slo 
041 0 |a eng 
044 |a SK 
245 1 0 |a Z dobrého skvelé  |b prečo niektoré spoločnosti urobia veľký skok vpred ... a iné nie  |c Jim Collins ; preložila Janka Almanová 
264 1 |a Bratislava  |b Eastone Books  |c 2006 
300 |a xii, 300 s. 
610 2 0 |a stratégia podnikateľská 
610 2 0 |a rozvoj podniku 
610 2 0 |a riadenie podnikové 
610 2 0 |a riadenie 
610 2 0 |a manažéri 
610 2 0 |a riadenie ľudských zdrojov 
610 2 0 |a efektívnosť podnikania 
610 2 0 |a politika podnikania 
610 2 0 |a rozhodovanie 
610 2 0 |a taktika podniková 
100 1 |a Collins, Jim 
700 1 |a Almanová, Janka